[Event "Xtracon Open 2019"]
[Site "Helsingor"]
[Date "2019.07.24"]
[Round "6.7"]
[White "Schrodt, Sebastian"]
[Black "Ernst, Michael"]
[Result "0-1"]
[WhiteElo "2002"]
[BlackElo "2190"]
[Annotator "NA"]
[PlyCount "86"]
[EventDate "2019.07.19"]
[EventType "swiss"]
[EventCountry "DEN"]
[SourceTitle "playchess.com"]
[Source "ChessBase"]
[SourceQuality "1"]

1. c4 e6 2. g3 d5 3. Bg2 Nf6 4. Nf3 dxc4 5. Na3 Bxa3 6. bxa3 O-O 7. O-O a6 8. Bb2 Nbd7 9. Qc2 c5 10. Rfc1 b5 11. Bxf6 Nxf6 12. a4 Bb7 13. axb5 axb5 14. a4 b4 15. Qxc4 Nd7 16. Qc2 Bd5 17. e4 b3 18. Qb1 Qb8 19. exd5 b2 20. Ng5 bxc1=Q+ 21. Qxc1 e5 22. Qc2 g6 23. Bh3 Qc7 24. d6 Qxd6 25. d4 Kg7 26. Bxd7 Qxd7 27. dxc5 Qd4 28. Re1 Rxa4 29. Nf3 Qc4 30. Qb2 f6 31. Rc1 Qb4 32. Qe2 Qe4 33. Qb5 Rb4 34. Qd7+ Rf7 35. Qd2 Rb1 36. Rxb1 Qxb1+ 37. Kg2 Qb7 38. Qd6 Rc7 39. Kh3 Qc6 40. Nxe5 fxe5 41. Qxe5+ Kg8 42. f4 Qxc5 43. Qe6+ Kg7 0-1

[Event "Xtracon Open 2019"]
[Site "Helsingor"]
[Date "2019.07.24"]
[Round "6.7"]
[White "Overmark, Ole"]
[Black "Jannik, Morten Emil"]
[Result "1/2-1/2"]
[WhiteElo "1765"]
[BlackElo "1561"]
[Annotator "NA"]
[PlyCount "136"]
[EventDate "2019.07.19"]
[EventType "swiss"]
[EventCountry "DEN"]
[SourceTitle "playchess.com"]
[Source "ChessBase"]
[SourceQuality "1"]

1. c4 c6 2. Nc3 d6 3. d4 g6 4. e4 Bg7 5. Be3 Nf6 6. h3 O-O 7. Qd2 e5 8. d5 c5 9. Be2 Na6 10. Bg5 Nc7 11. Nf3 a6 12. O-O Rb8 13. Rfe1 b5 14. cxb5 Nxb5 15. Nxb5 axb5 16. Qe3 Qb6 17. Nd2 Ba6 18. Qf3 Qd8 19. a4 h6 20. Be3 Qd7 21. a5 Qc8 22. b3 Qd7 23. Rec1 Qe7 24. Bd3 Nxe4 25. Nxe4 f5 26. Nxc5 e4 27. Qd1 Bxa1 28. Nxa6 Rb7 29. Rxa1 exd3 30. Bxh6 Re8 31. Qxd3 Qe5 32. Rc1 Rbe7 33. Qxb5 Qb2 34. Nb4 Re1+ 35. Rxe1 Rxe1+ 36. Kh2 Qxf2 37. Nd3 Qg1+ 38. Kg3 Re2 39. Nf4 Re3+ 40. Kh4 Qf2+ 41. Kg5 Rg3+ 42. Kf6 Qd4+ 43. Ke7 Re3+ 44. Kxd6 Qe5+ 45. Kc6 Rc3+ 46. Qc4 Qe8+ 47. Kc5 Rxc4+ 48. bxc4 Qe3+ 49. Kd6 Kf7 50. Bg5 Qc3 51. c5 Qxa5 52. Ne6 Ke8 53. Nc7+ Kf7 54. Kc6 Qa4+ 55. Kb7 Qb4+ 56. Kc6 Qa4+ 57. Kd6 Qb4 58. g3 Qa3 59. Bf4 Qb4 60. Ne6 Qa3 61. h4 Ke8 62. Be5 Qb4 63. Nf4 Qb8+ 64. Ke6 Qb7 65. Bd6 Qf7+ 66. Ke5 Qg7+ 67. Ke6 Qf7+ 68. Ke5 Qg7+ 1/2-1/2

[Event "Xtracon Open 2019"]
[Site "Helsingor"]
[Date "2019.07.24"]
[Round "6.8"]
[White "Holm, Kristian Stuvik"]
[Black "Tomilova, Elena"]
[Result "1/2-1/2"]
[WhiteElo "2469"]
[BlackElo "2281"]
[Annotator "ChessBase"]
[PlyCount "81"]
[EventDate "2019.07.19"]
[EventType "swiss"]
[EventCountry "DEN"]
[SourceTitle "playchess.com"]
[Source "ChessBase"]
[SourceQuality "1"]

1. d4 Nf6 2. c4 e6 3. Nf3 b6 4. g3 Bb4+ 5. Bd2 c5 6. Bg2 Bb7 7. Bxb4 cxb4 8. O-O a5 9. d5 exd5 10. Nh4 O-O 11. cxd5 Re8 12. Re1 d6 13. Qd4 Na6 14. Nd2 Nc5 15. Nf5 Bc8 16. Ne3 Ra7 17. a3 bxa3 18. Rxa3 Qc7 19. Ndc4 a4 20. b4 axb3 21. Rxa7 Qxa7 22. Nxd6 Rd8 23. Nxc8 Rxc8 24. Ra1 Qd7 25. Qb4 Qd8 26. Bf3 h5 27. Rd1 Ra8 28. d6 Ra4 29. Qc3 Qd7 30. Nc4 Qb5 31. Nb2 Ra2 32. Rb1 Qa5 33. Qc1 g6 34. Kg2 Kg7 35. h3 Nfd7 36. Qe3 Qb4 37. g4 h4 38. Bc6 Ra7 39. Rd1 Ne6 40. Bf3 Ra2 41. Rd2 1/2-1/2

[Event "Xtracon Open 2019"]
[Site "Helsingor"]
[Date "2019.07.24"]
[Round "6.8"]
[White "Karlsson, Jorgen"]
[Black "Kjartansson, Gudmundur"]
[Result "0-1"]
[WhiteElo "2114"]
[BlackElo "2470"]
[Annotator "ChessBase"]
[PlyCount "82"]
[EventDate "2019.07.19"]
[EventType "swiss"]
[EventCountry "DEN"]
[SourceTitle "playchess.com"]
[Source "ChessBase"]
[SourceQuality "1"]

1. d4 Nf6 2. Bf4 b6 3. f3 d5 4. g4 Ba6 5. a4 e6 6. h4 Bd6 7. Qd2 c5 8. c3 Nc6 9. Bxd6 Qxd6 10. e3 Bxf1 11. Kxf1 e5 12. Na3 O-O 13. Qh2 Qe7 14. Re1 e4 15. g5 Nh5 16. f4 cxd4 17. cxd4 Nb4 18. Ne2 Nd3 19. Rb1 Nxb2 20. Nc2 Nc4 21. Kf2 Rac8 22. Rhd1 Qd7 23. Nb4 a5 24. Na2 Qg4 25. Ng1 Ne5 26. Ke1 Rc2 27. Qxc2 Qxg1+ 28. Kd2 Nf3+ 29. Kc1 Qxe3+ 30. Kb2 Nxf4 31. Ka1 Nd3 32. Qc3 Nxd4 33. Qd2 f5 34. Nc3 Nb4 35. Kb2 Ndc2 36. Rbc1 Qxd2 37. Rxd2 d4 38. Nd5 d3 39. Nxb4 axb4 40. Kb3 f4 41. Kc4 f3 0-1

[Event "Xtracon Open 2019"]
[Site "Helsingor"]
[Date "2019.07.24"]
[Round "6.8"]
[White "Bronnum, Jan"]
[Black "Amin, Idris"]
[Result "1-0"]
[WhiteElo "2046"]
[BlackElo "1853"]
[Annotator "NA"]
[PlyCount "93"]
[EventDate "2019.07.19"]
[EventType "swiss"]
[EventCountry "DEN"]
[SourceTitle "playchess.com"]
[Source "ChessBase"]
[SourceQuality "1"]

1. d4 g6 2. Bf4 Bg7 3. Nc3 d6 4. e4 Nd7 5. Nf3 Ngf6 6. Be2 O-O 7. Qd2 c5 8. d5 a6 9. a4 Qa5 10. O-O Qb4 11. Qd3 Ng4 12. a5 Qxb2 13. Na4 Qb5 14. Qd2 Qb4 15. Qxb4 cxb4 16. Rab1 Nc5 17. Rxb4 Nxa4 18. Rxa4 f5 19. Bd2 fxe4 20. Rxe4 Ne5 21. Nxe5 Bxe5 22. Rb4 Ra7 23. Rfb1 Ra8 24. h3 Bf5 25. Bd3 Bxd3 26. cxd3 Rfc8 27. Rxb7 Bf6 28. g4 g5 29. h4 h6 30. hxg5 hxg5 31. Be3 Kf7 32. Kg2 Rc3 33. R1b3 Rxb3 34. Rxb3 Ke8 35. Kf3 Kd7 36. Ke4 Kc8 37. Kf5 Kc7 38. Bxg5 Rf8 39. f4 Bc3+ 40. Ke6 Bxa5 41. Kxe7 Rh8 42. f5 Rh7+ 43. Ke6 Rh1 44. f6 Re1+ 45. Kf5 Bb6 46. Rxb6 Kxb6 47. f7 1-0

[Event "Xtracon Open 2019"]
[Site "Helsingor"]
[Date "2019.07.24"]
[Round "6.9"]
[White "Bharath Subramaniyam H"]
[Black "Jogstad, Martin"]
[Result "1-0"]
[WhiteElo "2405"]
[BlackElo "2259"]
[Annotator "NA"]
[PlyCount "67"]
[EventDate "2019.07.19"]
[EventType "swiss"]
[EventCountry "DEN"]
[SourceTitle "playchess.com"]
[Source "ChessBase"]
[SourceQuality "1"]

1. e4 c5 2. Nf3 e6 3. d4 cxd4 4. Nxd4 Nc6 5. Nc3 Qc7 6. g3 a6 7. Bg2 Nf6 8. O-O Nxd4 9. Qxd4 Bc5 10. Bf4 d6 11. Qd2 e5 12. Bg5 Be6 13. Bxf6 gxf6 14. Nd5 Bxd5 15. Qxd5 Qc6 16. Qd2 Ke7 17. Rad1 b5 18. c3 a5 19. Kh1 b4 20. Qh6 bxc3 21. bxc3 Rhg8 22. f4 Rg6 23. Qh4 Ba3 24. Rd5 Qxc3 25. fxe5 dxe5 26. Qxh7 Qc8 27. Rxe5+ fxe5 28. Qxf7+ Kd6 29. Qxg6+ Kc5 30. Qg5 Bb2 31. Qd2 Qb7 32. Rd1 Bd4 33. Rc1+ Kd6 34. Qh6+ 1-0

[Event "Xtracon Open 2019"]
[Site "Helsingor"]
[Date "2019.07.24"]
[Round "6.9"]
[White "Tolhuizen, Ludo"]
[Black "Miedema, David"]
[Result "1/2-1/2"]
[WhiteElo "2090"]
[BlackElo "2387"]
[Annotator "TA"]
[PlyCount "122"]
[EventDate "2019.07.19"]
[EventType "swiss"]
[EventCountry "DEN"]
[SourceTitle "playchess.com"]
[Source "ChessBase"]
[SourceQuality "1"]

1. d4 Nf6 2. Nf3 g6 3. Nbd2 Bg7 4. e4 d6 5. c3 O-O 6. Be2 Nbd7 7. O-O Re8 8. Bc4 Nb6 9. Bb3 e5 10. dxe5 dxe5 11. Ng5 Re7 12. Ndf3 Qxd1 13. Rxd1 Bg4 14. Be3 Nbd7 15. Bc2 h6 16. h3 Bh5 17. g4 Nxg4 18. hxg4 Bxg4 19. Kg2 hxg5 20. Bxg5 Ree8 21. Kg3 Be6 22. Be3 f6 23. Bb3 Nf8 24. Bc5 Bxb3 25. axb3 Ne6 26. Be3 a5 27. Nh4 Nf8 28. Bc5 Kf7 29. Kf3 b6 30. Bxf8 Bxf8 31. Rg1 Bh6 32. Rad1 Bg5 33. Kg4 Bxh4 34. Kxh4 Rh8+ 35. Kg3 Rad8 36. Rh1 Ke6 37. Kf3 Rxh1 38. Rxd8 Rb1 39. Rd2 f5 40. exf5+ gxf5 41. Ke2 e4 42. f3 Rh1 43. fxe4 fxe4 44. Ke3 Ke5 45. Rg2 Rh3+ 46. Ke2 e3 47. Rg7 Kd6 48. Rg2 Ke5 49. Rg7 c6 50. Rg6 Rh2+ 51. Kxe3 Rxb2 52. Rxc6 Rxb3 53. Kd2 Kd5 54. Rh6 Rb2+ 55. Kc1 Rb5 56. Kc2 Kc4 57. Rh4+ Kc5 58. Rh6 a4 59. Rh4 a3 60. Ra4 Rb2+ 61. Kc1 Rb3 1/2-1/2

[Event "Xtracon Open 2019"]
[Site "Helsingor"]
[Date "2019.07.24"]
[Round "6.9"]
[White "Kakulidis, Ellen"]
[Black "Solberg, Joachim"]
[Result "0-1"]
[WhiteElo "1998"]
[BlackElo "2181"]
[Annotator "NA"]
[PlyCount "88"]
[EventDate "2019.07.19"]
[EventType "swiss"]
[EventCountry "DEN"]
[SourceTitle "playchess.com"]
[Source "ChessBase"]
[SourceQuality "1"]

1. d4 Nf6 2. g3 g6 3. Bg2 Bg7 4. e4 d6 5. Nc3 O-O 6. Nge2 e5 7. h3 c6 8. a4 exd4 9. Nxd4 d5 10. exd5 Nxd5 11. Nxd5 cxd5 12. O-O Nc6 13. Be3 Re8 14. c3 Ne5 15. Bf4 g5 16. Bc1 g4 17. hxg4 Nxg4 18. Qf3 Re5 19. Bf4 Re4 20. Qd3 Ne5 21. Qc2 Rxf4 22. gxf4 Ng6 23. Ne2 Qh4 24. Qd3 Bg4 25. f3 Bh3 26. Rf2 Bf8 27. b4 Bd7 28. Qxd5 Qe7 29. Qg5 Qe3 30. Rd1 Be7 31. Qh5 Bh4 32. Rxd7 Qxf2+ 33. Kh1 Qxe2 34. Qg4 Qe6 35. Qxe6 fxe6 36. Rxb7 Rc8 37. f5 exf5 38. Bh3 Rxc3 39. Bxf5 Nf4 40. Bxh7+ Kf8 41. Be4 Bg3 42. Rb8+ Ke7 43. Rb7+ Kd6 44. Rxa7 Rc1# 0-1

[Event "Xtracon Open 2019"]
[Site "Helsingor"]
[Date "2019.07.24"]
[Round "6.10"]
[White "Nielsen, Viktor Haarmark"]
[Black "Antonsen, Mikkel"]
[Result "0-1"]
[WhiteElo "2254"]
[BlackElo "2400"]
[Annotator "NA"]
[PlyCount "60"]
[EventDate "2019.07.19"]
[EventType "swiss"]
[EventCountry "DEN"]
[SourceTitle "playchess.com"]
[Source "ChessBase"]
[SourceQuality "1"]

1. d4 Nf6 2. c4 g6 3. g3 c6 4. Bg2 d5 5. Qa4 dxc4 6. Qxc4 Bg7 7. Nf3 O-O 8. O-O Bf5 9. Nc3 Nbd7 10. Bg5 Qb6 11. Na4 Qb5 12. Qxb5 cxb5 13. Nc3 b4 14. Nd1 Be4 15. Ne5 Bxg2 16. Kxg2 Nb6 17. Bd2 a5 18. a3 Ne4 19. Be1 b3 20. f3 Nd6 21. e3 Bxe5 22. dxe5 Ndc4 23. Bc3 Na4 24. Bd4 f6 25. Rc1 b5 26. exf6 e5 27. Bc3 Rad8 28. Kf2 Rxf6 29. Be1 Rfd6 30. Ke2 Rxd1 0-1

[Event "Xtracon Open 2019"]
[Site "Helsingor"]
[Date "2019.07.24"]
[Round "6.10"]
[White "Skjoldager, Mikael"]
[Black "Andre, Gordon"]
[Result "0-1"]
[WhiteElo "2076"]
[BlackElo "2381"]
[Annotator "NA"]
[PlyCount "68"]
[EventDate "2019.07.19"]
[EventType "swiss"]
[EventCountry "DEN"]
[SourceTitle "playchess.com"]
[Source "ChessBase"]
[SourceQuality "1"]

1. e4 e6 2. d4 d5 3. Nc3 Nf6 4. e5 Nfd7 5. f4 c5 6. Nf3 Nc6 7. Be3 b6 8. Qd2 Be7 9. Nd1 O-O 10. c3 a5 11. Bd3 a4 12. O-O Ba6 13. Nf2 Na5 14. Ng5 g6 15. Bxa6 Rxa6 16. Ng4 Kg7 17. Rf3 Nc4 18. Qe2 h5 19. Nf2 b5 20. Rf1 Nxe3 21. Qxe3 b4 22. Nfh3 a3 23. f5 exf5 24. e6 f6 25. Nf7 Rxf7 26. exf7 axb2 27. Nf4 Kxf7 28. Nxd5 Ne5 29. dxe5 Qxd5 30. exf6 Bxf6 31. Qh6 bxc3 32. Qh7+ Bg7 33. Rxf5+ Qxf5 34. Rxf5+ Rf6 0-1

[Event "Xtracon Open 2019"]
[Site "Helsingor"]
[Date "2019.07.24"]
[Round "6.10"]
[White "Digernes, Magnus"]
[Black "Kunz, Andre"]
[Result "0-1"]
[WhiteElo "1997"]
[BlackElo "2163"]
[Annotator "NA"]
[PlyCount "162"]
[EventDate "2019.07.19"]
[EventType "swiss"]
[EventCountry "DEN"]
[SourceTitle "playchess.com"]
[Source "ChessBase"]
[SourceQuality "1"]

1. e4 c6 2. Nc3 d5 3. Nf3 Bg4 4. h3 Bh5 5. exd5 cxd5 6. Bb5+ Nc6 7. g4 Bg6 8. Ne5 Rc8 9. d4 e6 10. h4 f6 11. Nxg6 hxg6 12. Qd3 Kf7 13. Bxc6 Rxc6 14. Bd2 Bb4 15. Ne2 Bxd2+ 16. Qxd2 Ne7 17. O-O-O b5 18. Nf4 Qc7 19. Kb1 b4 20. Rde1 Rc8 21. Re2 Rxc2 22. Qxc2 Qxf4 23. Qd2 Qxg4 24. Rhe1 Rc6 25. Qxb4 Qxh4 26. a3 Qf4 27. Ka2 g5 28. Qa4 a6 29. Rd1 Qc7 30. Rh1 Nf5 31. Rd2 a5 32. Rh8 Nd6 33. Qd1 Rc1 34. Qh5+ Ke7 35. Qg6 Nf5 36. Qe8+ Kd6 37. Qf8+ Kd7 38. Qf7+ Ne7 39. Qe8+ Kd6 40. Qd8+ Qxd8 41. Rxd8+ Kc7 42. Ra8 Nc6 43. b3 Kd6 44. Rg8 Rh1 45. Kb2 Rh4 46. Kc3 Rh3+ 47. Rd3 Rh2 48. Rf3 Rh4 49. Rxg7 Nxd4 50. Rxf6 Ke5 51. Rf8 Rh3+ 52. Kb2 Rxb3+ 53. Ka2 Rf3 54. Rxg5+ Nf5 55. Rg2 d4 56. Ra8 Kf4 57. Rxa5 e5 58. Ra8 d3 59. Kb2 Rh3 60. Kc3 Kf3 61. Rg5 Ke2 62. Rd8 d2+ 63. Kb2 Rd3 64. Rxd3 Kxd3 65. Rg1 Ke2 66. Kc3 Nd6 67. a4 Ne4+ 68. Kc4 Nxf2 69. a5 e4 70. a6 Nd3 71. a7 Ne1 72. a8=Q e3 73. Qa2 Kf3 74. Qb1 Kf2 75. Rh1 e2 76. Qf5+ Nf3 77. Rh2+ Ke1 78. Rh1+ Kf2 79. Rh2+ Ke1 80. Qxf3 d1=Q 81. Rh1+ Kd2 0-1

[Event "Xtracon Open 2019"]
[Site "Helsingor"]
[Date "2019.07.24"]
[Round "6.11"]
[White "Roseneck, Jonas"]
[Black "Hinrichs, Lars"]
[Result "1-0"]
[WhiteElo "2398"]
[BlackElo "2234"]
[Annotator "NA"]
[PlyCount "79"]
[EventDate "2019.07.19"]
[EventType "swiss"]
[EventCountry "DEN"]
[SourceTitle "playchess.com"]
[Source "ChessBase"]
[SourceQuality "1"]

1. e4 e6 2. d4 d5 3. Nd2 Be7 4. Ngf3 Nf6 5. e5 Nfd7 6. Bd3 c5 7. c3 Nc6 8. O-O g5 9. dxc5 g4 10. Nd4 Ndxe5 11. Bb5 Bd7 12. Re1 h5 13. N2b3 Nxd4 14. Nxd4 Bxb5 15. Nxb5 Ng6 16. b4 Qd7 17. c4 dxc4 18. Nd6+ Bxd6 19. cxd6 O-O-O 20. Bg5 Qxd6 21. Qa4 Rd7 22. Rad1 Qc6 23. b5 Qc5 24. Be3 Rxd1 25. Rxd1 Qc7 26. Qxa7 Ne7 27. b6 Qb8 28. Qa4 Nc6 29. Qxc4 Qe5 30. Bf4 Qf5 31. Bc7 h4 32. Qa4 Qa5 33. Qxg4 Qh5 34. Qa4 Qa5 35. Qf4 Qb4 36. Qxf7 Qe7 37. Qf4 Rh5 38. h3 Ra5 39. Qh6 Rf5 40. Bd6 1-0

[Event "Xtracon Open 2019"]
[Site "Helsingor"]
[Date "2019.07.24"]
[Round "6.11"]
[White "Kucuksari, Kaan"]
[Black "Machlik, Monika"]
[Result "0-1"]
[WhiteElo "2310"]
[BlackElo "2083"]
[Annotator "TA"]
[PlyCount "76"]
[EventDate "2019.07.19"]
[EventType "swiss"]
[EventCountry "DEN"]
[SourceTitle "playchess.com"]
[Source "ChessBase"]
[SourceQuality "1"]

1. d4 Nf6 2. Nf3 e6 3. c4 Bb4+ 4. Bd2 a5 5. g3 b6 6. Bg2 Bb7 7. O-O O-O 8. Bg5 Be7 9. Nc3 d6 10. Qc2 Nbd7 11. e4 e5 12. Rad1 exd4 13. Nxd4 Ng4 14. Bc1 Nc5 15. Rfe1 Bf6 16. h3 Bxd4 17. Rxd4 Ne5 18. f4 Nc6 19. Rdd1 Qc8 20. b3 Nb4 21. Qb1 f5 22. Nd5 Nxd5 23. exd5 Qd7 24. a3 a4 25. b4 Nb3 26. Re6 Rae8 27. Bb2 Qf7 28. Rde1 Bc8 29. Qd3 c5 30. Qe3 Bd7 31. Kf2 b5 32. cxb5 Bxb5 33. Qc3 Qa7 34. R1e3 Nd4 35. Rxe8 Rxe8 36. bxc5 dxc5 37. Rxe8+ Bxe8 38. Qe3 Bf7 0-1

[Event "Xtracon Open 2019"]
[Site "Helsingor"]
[Date "2019.07.24"]
[Round "6.11"]
[White "Petersen, Peter Birk"]
[Black "Stray, Gunnar"]
[Result "0-1"]
[WhiteElo "2158"]
[BlackElo "1996"]
[Annotator "NA"]
[PlyCount "56"]
[EventDate "2019.07.19"]
[EventType "swiss"]
[EventCountry "DEN"]
[SourceTitle "playchess.com"]
[Source "ChessBase"]
[SourceQuality "1"]

1. e4 c5 2. Nf3 e6 3. d4 cxd4 4. Nxd4 Nc6 5. Nc3 Qc7 6. Be3 a6 7. Qd2 Nf6 8. O-O-O Bb4 9. f3 d5 10. a3 Ba5 11. Nb3 Bxc3 12. Qxc3 O-O 13. Bc5 Re8 14. Qe3 b5 15. exd5 exd5 16. Qf2 Qf4+ 17. Kb1 Bf5 18. g3 Qc7 19. g4 Be6 20. Bd3 Ne5 21. h3 Nxd3 22. cxd3 d4 23. Bxd4 Bxb3 24. Rc1 Qd6 25. Rc3 Bd5 26. Rhc1 Qf4 27. Qg1 Be6 28. Be3 Qxe3 0-1

[Event "Xtracon Open 2019"]
[Site "Helsingor"]
[Date "2019.07.24"]
[Round "6.12"]
[White "Ronka, Erik"]
[Black "Bruaset, Eivind"]
[Result "1/2-1/2"]
[WhiteElo "2289"]
[BlackElo "2074"]
[Annotator "NA"]
[PlyCount "120"]
[EventDate "2019.07.19"]
[EventType "swiss"]
[EventCountry "DEN"]
[SourceTitle "playchess.com"]
[Source "ChessBase"]
[SourceQuality "1"]

1. d4 e6 2. g3 f5 3. Bg2 Nf6 4. Nd2 Be7 5. e4 fxe4 6. Nxe4 O-O 7. Ne2 d6 8. O-O e5 9. d5 Bf5 10. N2c3 c6 11. Nxf6+ Bxf6 12. Ne4 c5 13. Be3 Be7 14. f4 Nd7 15. g4 Bxe4 16. Bxe4 g6 17. Qd2 Bf6 18. f5 g5 19. h4 h6 20. Kg2 Kg7 21. hxg5 hxg5 22. Rh1 Rg8 23. Rh5 Kf7 24. Rah1 Rg7 25. Rh6 Qe7 26. Rg6 Nf8 27. Rhh6 Rxg6 28. fxg6+ Kg7 29. Rh5 Nxg6 30. Bxg5 Rh8 31. Bh6+ Kf7 32. Qf2 Nf4+ 33. Bxf4 Rxh5 34. gxh5 exf4 35. Qxf4 Qe5 36. Bg6+ Kg7 37. Qf3 Qg5+ 38. Kf1 Qc1+ 39. Kg2 Qg5+ 40. Kf1 Qc1+ 41. Ke2 Qxb2 42. Qg4 Qe5+ 43. Be4+ Qg5 44. Qd7+ Be7 45. Bf3 Kh6 46. Qe6+ Qf6 47. Qe3+ Qg5 48. Qe6+ Qf6 49. Kd3 Kg7 50. Qg4+ Kh6 51. c3 b5 52. Qe6 Kg7 53. Qe4 a5 54. Qg4+ Kh6 55. Qe6 Kg7 56. Qxf6+ Bxf6 57. c4 b4 58. Kc2 a4 59. Kb1 Kh6 60. Bd1 a3 1/2-1/2

[Event "Xtracon Open 2019"]
[Site "Helsingor"]
[Date "2019.07.24"]
[Round "6.12"]
[White "Schwarz, Frank"]
[Black "Jepson, Christian"]
[Result "1/2-1/2"]
[WhiteElo "2224"]
[BlackElo "2391"]
[Annotator "TA"]
[PlyCount "59"]
[EventDate "2019.07.19"]
[EventType "swiss"]
[EventCountry "DEN"]
[SourceTitle "playchess.com"]
[Source "ChessBase"]
[SourceQuality "1"]

1. c4 e5 2. g3 Nf6 3. Bg2 c6 4. Nf3 e4 5. Nd4 Qb6 6. Nc2 d5 7. Nc3 dxc4 8. d3 cxd3 9. exd3 Bg4 10. Qd2 Na6 11. h3 Bf3 12. Bxf3 exf3 13. O-O O-O-O 14. Qf4 Nb4 15. Ne3 Nxd3 16. Qf5+ Kb8 17. Rd1 Qa6 18. a3 Be7 19. Qxf3 Bc5 20. Rb1 Nxc1 21. Rbxc1 Bxe3 22. Qxe3 Qb6 23. Qg5 Rhg8 24. b4 h6 25. Qf5 Rxd1+ 26. Rxd1 Rd8 27. Qe5+ Kc8 28. Qf5+ Kb8 29. Qe5+ Kc8 30. Qf5+ 1/2-1/2

[Event "Xtracon Open 2019"]
[Site "Helsingor"]
[Date "2019.07.24"]
[Round "6.12"]
[White "Andersson, Lars"]
[Black "Nilssen, Ellen Fredericia"]
[Result "1/2-1/2"]
[WhiteElo "1990"]
[BlackElo "2155"]
[Annotator "NA"]
[PlyCount "48"]
[EventDate "2019.07.19"]
[EventType "swiss"]
[EventCountry "DEN"]
[SourceTitle "playchess.com"]
[Source "ChessBase"]
[SourceQuality "1"]

1. e4 e6 2. d3 d5 3. Nd2 Nf6 4. Ngf3 c5 5. g3 Nc6 6. Bg2 b6 7. O-O Bb7 8. Re1 Be7 9. e5 Nd7 10. Nf1 h6 11. h4 Qc7 12. Bf4 O-O-O 13. c3 Rdg8 14. Qd2 Nf8 15. d4 cxd4 16. Nxd4 g5 17. Nxc6 Bxc6 18. hxg5 hxg5 19. Be3 Rh6 20. a4 Nd7 21. Bd4 Bf8 22. b4 Bb7 23. a5 a6 24. b5 axb5 1/2-1/2

[Event "Xtracon Open 2019"]
[Site "Helsingor"]
[Date "2019.07.24"]
[Round "6.13"]
[White "Keinanen, Toivo"]
[Black "Schmidt, Kristen"]
[Result "1-0"]
[WhiteElo "2386"]
[BlackElo "2225"]
[Annotator "NA"]
[PlyCount "69"]
[EventDate "2019.07.19"]
[EventType "swiss"]
[EventCountry "DEN"]
[SourceTitle "playchess.com"]
[Source "ChessBase"]
[SourceQuality "1"]

1. d4 g6 2. c4 Bg7 3. e4 d6 4. Nc3 Nf6 5. h3 O-O 6. Nf3 e5 7. dxe5 dxe5 8. Qxd8 Rxd8 9. Bg5 Re8 10. O-O-O Na6 11. Be3 c6 12. c5 Nc7 13. Bc4 Be6 14. Bxe6 Nxe6 15. Nxe5 Nxc5 16. Bxc5 Rxe5 17. Bd4 Re7 18. f3 Nd7 19. Bf2 Nf8 20. Rd3 Ne6 21. Rhd1 f5 22. exf5 gxf5 23. g3 Kf7 24. Rd7 h5 25. g4 hxg4 26. fxg4 fxg4 27. hxg4 Bh6+ 28. Kb1 Ke8 29. R7d3 b6 30. Ne4 Nf4 31. Nd6+ Kf8 32. Rf3 Rd8 33. Bg3 Rf7 34. Nxf7 Rxd1+ 35. Kc2 1-0

[Event "Xtracon Open 2019"]
[Site "Helsingor"]
[Date "2019.07.24"]
[Round "6.13"]
[White "Soraas, Torben"]
[Black "Jepsen, Thomas Tange"]
[Result "0-1"]
[WhiteElo "2266"]
[BlackElo "2069"]
[Annotator "NA"]
[PlyCount "160"]
[EventDate "2019.07.19"]
[EventType "swiss"]
[EventCountry "DEN"]
[SourceTitle "playchess.com"]
[Source "ChessBase"]
[SourceQuality "1"]

1. e4 e5 2. Nf3 Nf6 3. Nxe5 d6 4. Nf3 Nxe4 5. Nc3 Nxc3 6. dxc3 Be7 7. Bd3 Nc6 8. Bf4 Be6 9. Nd4 Nxd4 10. cxd4 Bf6 11. O-O O-O 12. Qf3 c6 13. c3 Qd7 14. h3 Rfe8 15. a3 d5 16. Bg3 Rac8 17. Rad1 Qe7 18. Rfe1 g6 19. Bf4 Bg7 20. Be5 Qg5 21. Re2 Bd7 22. Bxg7 Kxg7 23. Rxe8 Rxe8 24. b4 Re6 25. Kh2 Rf6 26. Qg3 Qxg3+ 27. Kxg3 b5 28. a4 a6 29. axb5 axb5 30. Ra1 Bf5 31. Bxf5 Rxf5 32. Ra7 Rf6 33. Rc7 Re6 34. Kf4 Re4+ 35. Kf3 Re6 36. g4 g5 37. Kg3 Kg6 38. h4 h6 39. Kh3 Kf6 40. Kg3 Kg6 41. Kg2 Kg7 42. f4 gxh4 43. f5 h3+ 44. Kh2 Re2+ 45. Kh1 Re1+ 46. Kh2 Re2+ 47. Kh1 Kf6 48. Rxc6+ Kg5 49. f6 Kxg4 50. Rc7 Kg3 51. Re7 Rh2+ 52. Kg1 Rg2+ 53. Kh1 Rf2 54. Re1 Rxf6 55. Rg1+ Kh4 56. Rg8 Rf3 57. Rd8 f5 58. Rd6 Rxc3 59. Rxh6+ Kg3 60. Rg6+ Kf4 61. Rb6 Rb3 62. Kh2 Rxb4 63. Kxh3 Ke4 64. Kg3 Rb3+ 65. Kf2 Kxd4 66. Rh6 Ke4 67. Re6+ Kf4 68. Ke2 d4 69. Kd2 d3 70. Rd6 Kf3 71. Rh6 f4 72. Rg6 Kf2 73. Rg8 f3 74. Rf8 Ra3 75. Rb8 Rb3 76. Rf8 b4 77. Rf7 Rb1 78. Kxd3 b3 79. Kd2 b2 80. Rb7 Re1 0-1

[Event "Xtracon Open 2019"]
[Site "Helsingor"]
[Date "2019.07.24"]
[Round "6.13"]
[White "Moe, Mogens"]
[Black "Knudsen, Ole"]
[Result "1-0"]
[WhiteElo "2152"]
[BlackElo "1969"]
[Annotator "NA"]
[PlyCount "69"]
[EventDate "2019.07.19"]
[EventType "swiss"]
[EventCountry "DEN"]
[SourceTitle "playchess.com"]
[Source "ChessBase"]
[SourceQuality "1"]

1. e4 d5 2. exd5 Nf6 3. Bb5+ Nbd7 4. Qf3 a6 5. Bxd7+ Bxd7 6. Nc3 c6 7. d3 Bg4 8. Qg3 cxd5 9. Bg5 h5 10. h3 Bf5 11. Nf3 e6 12. O-O Bd6 13. Qh4 Be7 14. Rfe1 Qd6 15. Qa4+ Qc6 16. Qxc6+ bxc6 17. Nd4 Kd7 18. Nxf5 exf5 19. Ne2 Ng8 20. Bxe7 Nxe7 21. b4 h4 22. Nd4 g5 23. Re5 Rae8 24. Nb3 g4 25. Rae1 gxh3 26. gxh3 f4 27. a4 Reg8+ 28. Kf1 Ng6 29. Rf5 Rg7 30. Nc5+ Kc7 31. Nxa6+ Kb6 32. Nc5 Rhg8 33. Nd7+ Kc7 34. Nf6 Rb8 35. Ne8+ 1-0

[Event "Xtracon Open 2019"]
[Site "Helsingor"]
[Date "2019.07.24"]
[Round "6.14"]
[White "Percivaldi, Martin"]
[Black "Crevatin, Leo"]
[Result "1-0"]
[WhiteElo "2379"]
[BlackElo "2146"]
[Annotator "NA"]
[PlyCount "89"]
[EventDate "2019.07.19"]
[EventType "swiss"]
[EventCountry "DEN"]
[SourceTitle "playchess.com"]
[Source "ChessBase"]
[SourceQuality "1"]

1. Nf3 d5 2. g3 Bg4 3. Bg2 Nd7 4. h3 Bh5 5. O-O c6 6. d3 e5 7. e4 dxe4 8. dxe4 Ngf6 9. Nbd2 Bc5 10. Qe1 O-O 11. Nb3 Bb6 12. a4 a5 13. Be3 Bxe3 14. Qxe3 Bxf3 15. Bxf3 Qc7 16. Be2 Rfe8 17. Rfd1 Rad8 18. c3 b6 19. Bc4 Nf8 20. Nd2 Ne6 21. Bxe6 Rxe6 22. Nc4 c5 23. Rxd8+ Qxd8 24. Qe2 Re7 25. Rd1 Rd7 26. Rxd7 Qxd7 27. Nxb6 Qxh3 28. Qf3 Qe6 29. Qf5 Qc6 30. Nd5 Nxd5 31. exd5 Qc7 32. Qd3 Qd6 33. Qb5 Kf8 34. Qb7 f5 35. c4 f4 36. Qa8+ Kf7 37. Qxa5 fxg3 38. fxg3 e4 39. Qc3 Qh6 40. Kg2 Qh5 41. Qe3 Qd1 42. Qxe4 Qxa4 43. Qe6+ Kf8 44. Qc8+ Kf7 45. Qxc5 1-0

[Event "Xtracon Open 2019"]
[Site "Helsingor"]
[Date "2019.07.24"]
[Round "6.14"]
[White "Thaler, Toni"]
[Black "Dauth, Benjamin"]
[Result "1/2-1/2"]
[WhiteElo "2070"]
[BlackElo "2263"]
[Annotator "NA"]
[PlyCount "66"]
[EventDate "2019.07.19"]
[EventType "swiss"]
[EventCountry "DEN"]
[SourceTitle "playchess.com"]
[Source "ChessBase"]
[SourceQuality "1"]

1. Nf3 Nf6 2. d4 d5 3. c4 c6 4. Qc2 e6 5. Bg5 Be7 6. e3 O-O 7. Nc3 Nbd7 8. O-O-O a6 9. Kb1 dxc4 10. Bxc4 Nd5 11. Nxd5 cxd5 12. Bxe7 Qxe7 13. Bd3 f5 14. Qc7 Rf7 15. Rc1 Nf6 16. Qb6 Nd7 17. Qc7 Nf6 18. Qb6 Ne8 19. Ne5 Rf8 20. f4 Qd6 21. Qc5 Qxc5 22. Rxc5 Nd6 23. Rc7 Rd8 24. Rhc1 Ne8 25. Re7 Kf8 26. Rf7+ Kg8 27. Re7 Kf8 28. Rf7+ Kg8 29. h3 Rd6 30. Re7 Kf8 31. Rf7+ Kg8 32. Re7 Kf8 33. Rf7+ Kg8 1/2-1/2